[Event "RUS-ch Girls U21 2020"]
[Site "Moscow"]
[Date "2020.12.13"]
[Round "6.4"]
[White "Shafigullina, Zarina"]
[Black "Korchagina, Alena"]
[Result "1-0"]
[WhiteElo "2302"]
[BlackElo "2161"]
[Annotator "ChessBase"]
[PlyCount "79"]
[EventDate "2020.12.08"]
[EventType "tourn"]
[EventCountry "RUS"]
[SourceTitle "playchess.com"]
[Source "ChessBase"]
[SourceQuality "1"]
[TimeControl "40/5400+30:1800+30"]

1. Nf3 {[%emt 0:00:00]} c5 {[%emt 0:00:27]} 2. c4 {[%emt 0:01:25]} Nf6 {[%emt 0:00:08]} 3. g3 {[%emt 0:00:08]} b6 {[%emt 0:00:08]} 4. Bg2 {[%emt 0:00:08]} Bb7 {[%emt 0:00:04]} 5. Nc3 {[%emt 0:00:23]} e6 {[%emt 0:00:06]} 6. d4 {[%emt 0:02:38]} cxd4 {[%emt 0:00:26]} 7. Qxd4 {[%emt 0:00:06]} d6 {[%emt 0:02:01]} 8. Bg5 {[%emt 0:04:06]} Be7 {[%emt 0:09:11]} 9. Rd1 {[%emt 0:00:10]} O-O {[%emt 0:08:24]} 10. O-O {[%emt 0:15:33]} Nbd7 {[%emt 0:04:53]} 11. e4 {[%emt 0:05:09]} a6 {[%emt 0:00:43]} 12. Rfe1 {[%emt 0:00:57]} Qc7 {[%emt 0:03:29]} 13. Rc1 {[%emt 0:13:29]} h6 {[%emt 0:05:14]} 14. Bd2 {[%emt 0:01:15]} Rac8 {[%emt 0:00:06]} 15. b3 {[%emt 0:00:06]} Qb8 {[%emt 0:00:27]} 16. Qd3 {[%emt 0:00:43]} Ne5 {[%emt 0:06:54]} 17. Qe2 {[%emt 0:00:25]} Nfd7 {[%emt 0:01:08]} 18. Nd4 {[%emt 0:07:26]} Nc5 {[%emt 0:03:53]} 19. Rc2 {[%emt 0:00:14]} Bf6 {[%emt 0:01:55]} 20. Be3 {[%emt 0:02:16]} Qa8 {[%emt 0:04:11]} 21. f3 {[%emt 0:01:28]} Ned3 {[%emt 0:13:02]} 22. Rd1 {[%emt 0:00:42]} Nb4 {[%emt 0:00:05]} 23. Rcc1 {[%emt 0:03:46]} Rfd8 {[%emt 0:06:53]} 24. Bf2 {[%emt 0:02:17]} Nc6 {[%emt 0:03:18]} 25. f4 {[%emt 0:03:43]} Nxd4 {[%emt 0:02:47]} 26. Bxd4 {[%emt 0:00:07]} Bxd4+ {[%emt 0:00:03]} 27. Rxd4 {[%emt 0:00:08]} e5 {[%emt 0:03:34]} 28. Rdd1 {[%emt 0:12:27]} Ne6 {[%emt 0:05:18]} 29. Nd5 {[%emt 0:04:00]} Bxd5 {[%emt 0:03:54]} 30. exd5 {[%emt 0:00:39]} Nd4 {[%emt 0:00:03]} 31. Qh5 {[%emt 0:04:57]} g6 {[%emt 0:06:53]} 32. Qxh6 {[%emt 0:00:43]} Ne2+ {[%emt 0:00:37]} 33. Kh1 {[%emt 0:00:28]} Nxc1 {[%emt 0:00:56]} 34. f5 {[%emt 0:03:51]} gxf5 {[%emt 0:00:05]} 35. Rf1 {[%emt 0:03:22]} f4 {[%emt 0:01:17]} 36. Be4 {[%emt 0:02:15]} Rc7 {[%emt 0:01:46]} 37. gxf4 {[%emt 0:00:34]} Ne2 {[%emt 0:00:04]} 38. Bh7+ {[%emt 0:00:34]} Kh8 {[%emt 0:00:04]} 39. Bd3+ {[%emt 0:00:17]} Kg8 {[%emt 0:00:03]} 40. Bxe2 {[%emt 0:00:00]} 1-0

[Event "RUS-ch Girls U21 2020"]
[Site "Moscow"]
[Date "2020.12.13"]
[Round "6.5"]
[White "Obolentseva, Alexandra"]
[Black "Nazarova, Anastasia"]
[Result "1-0"]
[WhiteElo "2305"]
[BlackElo "2190"]
[Annotator "ChessBase"]
[PlyCount "129"]
[EventDate "2020.12.08"]
[EventType "tourn"]
[EventCountry "RUS"]
[SourceTitle "playchess.com"]
[Source "ChessBase"]
[SourceQuality "1"]
[TimeControl "40/5400+30:1800+30"]

1. d4 {[%emt 0:00:00]} Nf6 {[%emt 0:00:00]} 2. c4 {[%emt 0:00:00]} g6 {[%emt 0:00:00]} 3. Nc3 {[%emt 0:00:00]} Bg7 {[%emt 0:00:00]} 4. e4 {[%emt 0:00:02]} d6 {[%emt 0:00:00]} 5. Be2 {[%emt 0:00:07]} O-O {[%emt 0:00:00]} 6. Nf3 {[%emt 0:02:47]} e5 {[%emt 0:00:16]} 7. O-O {[%emt 0:01:32]} Nc6 {[%emt 0:00:09]} 8. d5 {[%emt 0:00:06]} Ne7 {[%emt 0:00:05]} 9. b4 {[%emt 0:00:06]} a5 {[%emt 0:00:21]} 10. bxa5 {[%emt 0:00:27]} Rxa5 {[%emt 0:00:23]} 11. Nd2 {[%emt 0:00:45]} Ne8 {[%emt 0:00:52]} 12. Nb3 {[%emt 0:00:18]} Ra8 {[%emt 0:00:11]} 13. c5 {[%emt 0:03:34]} f5 {[%emt 0:09:17]} 14. f3 {[%emt 0:01:39]} f4 {[%emt 0:07:11]} 15. a4 {[%emt 0:00:32]} g5 {[%emt 0:00:24]} 16. Ba3 {[%emt 0:01:42]} Ng6 {[%emt 0:03:18]} 17. Nd2 {[%emt 0:00:22]} Rf6 {[%emt 0:03:23]} 18. Nb5 {[%emt 0:02:03]} Nh8 {[%emt 0:04:01]} 19. Nc4 {[%emt 0:01:45]} Nf7 {[%emt 0:00:17]} 20. cxd6 {[%emt 0:01:53]} cxd6 {[%emt 0:03:14]} 21. a5 {[%emt 0:00:29]} Bd7 {[%emt 0:11:03]} 22. Rb1 {[%emt 0:03:14]} h5 {[%emt 0:05:22]} 23. Qe1 {[%emt 0:01:33]} Rg6 {[%emt 0:04:58]} 24. Nb6 {[%emt 0:04:35]} Rb8 {[%emt 0:01:31]} 25. Qd2 {[%emt 0:05:42]} g4 {[%emt 0:04:34]} 26. Nxd7 {[%emt 0:00:09]} Qxd7 {[%emt 0:00:09]} 27. Nc3 {[%emt 0:02:11]} Ra8 {[%emt 0:04:51]} 28. Bb5 {[%emt 0:00:07]} Qe7 {[%emt 0:01:37]} 29. a6 {[%emt 0:06:02]} bxa6 {[%emt 0:04:10]} 30. Bc6 {[%emt 0:00:08]} Rd8 {[%emt 0:03:09]} 31. Qe1 {[%emt 0:04:48]} Qg5 {[%emt 0:07:19]} 32. Rb2 {[%emt 0:00:11]} Nf6 {[%emt 0:01:08]} 33. Kh1 {[%emt 0:00:41]} h4 {[%emt 0:03:54]} 34. fxg4 {[%emt 0:04:37]} Nxg4 {[%emt 0:01:43]} 35. Nd1 {[%emt 0:00:19]} Qh5 {[%emt 0:05:17]} 36. Qe2 {[%emt 0:06:48]} Ng5 {[%emt 0:05:04]} 37. Nf2 {[%emt 0:03:34]} Nxf2+ {[%emt 0:02:26]} 38. Rxf2 {[%emt 0:00:06]} Qh7 {[%emt 0:03:29]} 39. h3 {[%emt 0:03:23]} Rf6 {[%emt 0:01:20]} 40. Rb4 {[%emt 0:00:00]} a5 {[%emt 0:00:00]} 41. Rc4 {[%emt 0:01:24]} Rb8 {[%emt 0:05:43]} 42. Bd7 {[%emt 0:01:11]} Bf8 {[%emt 0:16:41]} 43. Qg4 {[%emt 0:00:59]} Qg7 {[%emt 0:00:08]} 44. Rb2 {[%emt 0:08:57]} Rxb2 {[%emt 0:00:08]} 45. Bxb2 {[%emt 0:00:05]} f3 {[%emt 0:07:44]} 46. gxf3 {[%emt 0:05:18]} Nxf3 {[%emt 0:02:22]} 47. Bf5 {[%emt 0:01:33]} Qxg4 {[%emt 0:00:48]} 48. hxg4 {[%emt 0:00:08]} Bh6 {[%emt 0:01:06]} 49. Bc3 {[%emt 0:00:59]} Rf8 {[%emt 0:02:00]} 50. Kg2 {[%emt 0:00:41]} Ng5 {[%emt 0:00:33]} 51. Rc6 {[%emt 0:00:21]} Rd8 {[%emt 0:00:32]} 52. Bxe5 {[%emt 0:02:02]} Re8 {[%emt 0:01:01]} 53. Rxd6 {[%emt 0:02:46]} Rxe5 {[%emt 0:00:21]} 54. Rxh6 {[%emt 0:00:15]} Nxe4 {[%emt 0:00:17]} 55. d6 {[%emt 0:00:09]} h3+ {[%emt 0:00:57]} 56. Kxh3 {[%emt 0:01:38]} Nxd6 {[%emt 0:00:36]} 57. Rxd6 {[%emt 0:00:08]} a4 {[%emt 0:00:07]} 58. Ra6 {[%emt 0:00:11]} Re3+ {[%emt 0:00:05]} 59. Kh4 {[%emt 0:00:04]} a3 {[%emt 0:00:03]} 60. Kg5 {[%emt 0:00:05]} Kf7 {[%emt 0:00:56]} 61. Ra7+ {[%emt 0:00:48]} Ke8 {[%emt 0:00:17]} 62. Kf6 {[%emt 0:00:07]} Kd8 {[%emt 0:00:25]} 63. g5 {[%emt 0:00:09]} a2 {[%emt 0:00:55]} 64. Rxa2 {[%emt 0:00:08]} Rg3 {[%emt 0:00:54]} 65. g6 {[%emt 0:00:23]} 1-0

[Event "RUS-ch Girls U21 2020"]
[Site "Moscow"]
[Date "2020.12.14"]
[Round "7.1"]
[White "Nazarova, Anastasia"]
[Black "Protopopova, Anastasiya"]
[Result "1-0"]
[WhiteElo "2190"]
[BlackElo "2267"]
[Annotator "TA"]
[PlyCount "53"]
[EventDate "2020.12.08"]
[EventType "tourn"]
[EventCountry "RUS"]
[SourceTitle "playchess.com"]
[Source "ChessBase"]
[SourceQuality "1"]

{[%evp 9,53,45,72,39,50,64,56,0,0,0,0,0,0,0,61,59,186,175,158,64,170,167,425,437,447,452,534,472,468,459,472,450,469,446,622,623,622,622,611,610,578,570,1120,1093,961,905]} 1. e4 c5 2. Ne2 d5 3. exd5 Qxd5 4. Nbc3 Qd8 5. d4 cxd4 6. Qxd4 {[#] B20: Sicilian: Unusual White 2nd moves.} Bd7 $146 ({Predecessor:} 6... Qxd4 7. Nxd4 a6 8. Nd5 e5 9. Nc7+ Kd7 10. Nxa8 exd4 11. Nb6+ Kd8 12. Bg5+ f6 {1-0 (26) Dragic,D (1781)-Nebel,U (1847) Caleta 2020}) 7. Bg5 Nc6 8. Qe3 (8. Qh4 $14) 8... f6 $11 9. Bh4 Nh6 10. O-O-O Nf5 11. Qe4 Nxh4 (11... e5 $11) 12. Qxh4 $14 Qb6 (12... e5 $1 $14) 13. Nd5 $36 {[%mdl 2048] White is really pushing.} Qa5 14. b4 (14. Kb1 $1 $16) 14... Qa3+ ({Black should play} 14... Qxa2 $14 15. Nc7+ {[%mdl 64] Double Attack} Kd8 16. Nxa8 e5) 15. Kb1 O-O-O $2 (15... Rc8 {was necessary.}) 16. Rd3 $1 {[%cal Rd3a3] White is clearly winning.} Qa6 {[#]} 17. Rc3 $1 Qa4 {And now ...Be6 would win.} 18. Qg3 {[%csl Gd5][%cal Rg3c7]} e5 {[#] White must now prevent ...Bf5.} 19. Ra3 $1 {[%cal Ra3a4]} Qxa3 20. Qxa3 Be6 21. c4 Bxd5 22. cxd5 Rxd5 23. Qb3 Rd7 24. g3 {Strongly threatening Bh3.} Kb8 25. Bh3 Rd2 26. b5 Nb4 27. Rd1 {Weighted Error Value: White=0.12/Black=0.48} 1-0

[Event "RUS-ch Girls U21 2020"]
[Site "Moscow"]
[Date "2020.12.14"]
[Round "7.2"]
[White "Korchagina, Alena"]
[Black "Obolentseva, Alexandra"]
[Result "0-1"]
[WhiteElo "2161"]
[BlackElo "2305"]
[Annotator "TA"]
[PlyCount "96"]
[EventDate "2020.12.08"]
[EventType "tourn"]
[EventCountry "RUS"]
[SourceTitle "playchess.com"]
[Source "ChessBase"]
[SourceQuality "1"]

{[%evp 13,96,17,28,-26,20,0,0,0,-6,-7,2,-12,-8,0,-3,-11,6,-39,-14,-19,-7,-46,-12,-27,0,0,0,0,0,-32,35,-302,-305,-291,-300,-278,-280,-354,-352,-557,-535,-688,-689,-679,-387,-405,-412,-404,-406,-383,-385,-497,-497,-483,-478,-488,-483,-466,-472,-466,-466,-649,-643,-625,-426,-460,0,-619,-616,-564,-533,-666,-557,-768,-767,-852,-848,-864,-844,-843,-781,-1031,-1007,-882,-845]} 1. d4 Nf6 2. Nf3 g6 3. Bf4 Bg7 4. e3 c5 5. Be2 O-O 6. O-O d6 7. h3 Qb6 8. Nc3 {A48: 1 d4 Nf6 2 Nf3 g6: Torre, London and Colle Systems.} (8. Nbd2 $142) 8... Bf5 {[#]} 9. Na4 $146 ({Predecessor:} 9. Rb1 Na6 10. a3 Rfd8 11. d5 Nc7 12. Re1 e6 13. g4 e5 14. gxf5 exf4 15. exf4 {1-0 (70) Bieker,P (1985)-Satosuo,R (2011) ICCF email 2015}) 9... Qa5 10. c4 {The position is equal.} Ne4 11. Qb3 Na6 12. Bd3 Rab8 13. Qb5 Qd8 14. Qb3 Qa5 15. Rad1 Nb4 16. Bb1 b5 17. cxb5 Rxb5 18. Qa3 $1 {Threatening g4.} Qa6 19. g4 Ra5 20. b3 Nc3 $36 {[%mdl 2048] Black has some pressure.} (20... Qe2 $6 21. Kg2 $16) 21. gxf5 Nxd1 (21... Qb7 $1 $15 22. Nxc5 Qxf3 23. Qxa5 (23. Qxb4 Ne2+ {[%mdl 64] Double Attack} 24. Kh2 Nxf4 $17) 23... dxc5) 22. Rxd1 $4 {[%mdl 8192]} (22. Qc1 $1 $14 {was forced to keep a grip.}) 22... Qe2 $1 $19 {[%csl LRd1,LRf3][%mdl 64] [#] Double Attack} 23. Qc1 {Black must now prevent Kg2.} Qxf3 24. dxc5 dxc5 25. fxg6 hxg6 26. Bg3 {[#]} (26. Rd2 {was necessary.} Qxh3 27. a3) 26... c4 $1 {...Rg5 is the strong threat.} 27. Rd7 (27. bxc4 Rxa4) 27... cxb3 28. axb3 Be5 29. Qd1 Qxd1+ 30. Rxd1 Bxg3 31. fxg3 Rd5 32. Rc1 Rfd8 {Strongly threatening ...Rd1+.} 33. Be4 Rd1+ 34. Rxd1 Rxd1+ {[%mdl 4096] Endgame KRN-KBN} 35. Kf2 Rd2+ 36. Kf3 Nc2 37. Nc3 Ne1+ 38. Kf4 Ng2+ 39. Kf3 Ne1+ 40. Kf4 Nd3+ {Black is clearly winning.} 41. Kg5 Nc5 42. Bc6 Nxb3 43. Nd5 Kf8 44. h4 a5 45. Nb6 Nc5 46. Nc4 Rc2 {aiming for ...Ne6+.} 47. Bb5 Ne6+ 48. Kg4 Nc7 {Weighted Error Value: White=0.51/Black=0.32} 0-1

[Event "RUS-ch Girls U21 2020"]
[Site "Moscow"]
[Date "2020.12.14"]
[Round "7.3"]
[White "Afonasieva, Anna"]
[Black "Shafigullina, Zarina"]
[Result "1/2-1/2"]
[WhiteElo "2316"]
[BlackElo "2302"]
[Annotator "TA"]
[PlyCount "198"]
[EventDate "2020.12.08"]
[EventType "tourn"]
[EventCountry "RUS"]
[SourceTitle "playchess.com"]
[Source "ChessBase"]
[SourceQuality "1"]

{[%evp 9,198,0,6,13,24,31,32,16,22,0,36,26,23,23,16,-6,0,-16,-16,-11,-15,-54,-53,-47,-35,-60,-40,-58,-53,-43,-30,-44,-31,-68,-68,-71,-56,-81,0,0,0,0,0,0,0,0,0,-63,-73,-72,-64,-66,-60,-131,-128,-140,-35,-49,-48,-53,-47,-102,-101,-129,-113,-128,-18,-18,-24,-67,-31,-51,-70,-63,-49,-99,-90,-91,-100,-118,-118,-118,-118,-131,-122,-135,0,-265,-239,-262,-47,-51,-8,-8,-8,-8,0,-8,129,0,679,672,524,302,29952,29956,29944,29947,1868,6103,29946,29958,29955,29958,29955,29958,29949,29961,29962,29963,29945,12150,29959,29959,29954,29958,29961,29964,29961,29948,29967,29966,29969,0,0,0,0,0,0,0,29969,29971,29971,29971,29967,0,0,0,0,0,0,0,0,0,0,0,0,0,0,0,0,0,0,0,0,0,0,0,0,0,0,0,0,0,0,0,0,0,0,0,0,0,0,0,0,0,0,0,0,0,0]} 1. e4 c5 2. Nf3 d6 3. g3 Nf6 4. d3 Nc6 5. c3 Bg4 6. h3 {B50: Sicilian: 2...d6, Miscellaneous.} Bxf3 7. Qxf3 d5 8. Nd2 {White is slightly better.} e6 9. Qe2 {[#]} Qd6 $146 ({Predecessor:} 9... dxe4 10. dxe4 Be7 11. a4 O-O 12. Nc4 Na5 13. Nxa5 Qxa5 14. Bg2 Rfd8 15. Bf4 Rd7 {1-0 (27) Vajda,L (2537)-Nemeth,F (2294) Bucharest 2003}) 10. Nf3 e5 11. Bg2 d4 12. c4 Be7 13. O-O Nd7 14. Nh2 a6 15. a4 Bd8 16. f4 Qg6 17. Qf2 Nb4 18. Ra3 Bc7 19. Nf3 Qf6 20. fxe5 Bxe5 21. Qe2 Qe7 (21... Bxg3 $6 22. Ng5 $14) 22. Bg5 Qd6 23. Bf4 Rb8 ({Better is} 23... Bxf4 $17 24. gxf4 O-O) 24. Nxe5 $11 Nxe5 25. Qh5 $1 Nbc6 26. Bxe5 Nxe5 27. Rf5 Ng6 28. Rxc5 ({White should try} 28. Kh2 $11) 28... Qxg3 $15 29. Qf3 Qe1+ 30. Qf1 $1 {[%cal Rf1e1]} Qb4 $1 {[%cal Rb4c5]} 31. Rd5 (31. Rf5 $15) 31... Qxb2 $17 32. Qa1 Qxa1+ ({Black should play} 32... Qd2 $17 {aiming for ...0-0.} 33. Rf5 O-O) 33. Rxa1 $15 Nf4 34. Re5+ Ne6 35. Rb1 (35. h4 $15) 35... Ke7 $1 $17 36. Bf3 f6 37. Rd5 Nf4 (37... Rhd8 $1 $17 {Threatening ...Rxd5.} 38. Rh5 Ng5) 38. Rxd4 $11 Nxh3+ 39. Kh2 Nf4 (39... Ng5 $5 {[%cal Rg5f3]} 40. Bg4 Rhd8 $15) 40. Bg4 Rhd8 $1 {[%cal Rd8d4]} 41. Rxd8 Kxd8 $15 {[%mdl 4096] Endgame KRB-KRN} 42. d4 h5 43. Kg3 g5 44. Bf5 Kc7 45. Kf3 b6 46. Ke3 Ng2+ 47. Kf2 Nf4 (47... Nh4 $1 $17 48. Be6 Ng6) 48. d5 $2 {[%mdl 8192]} (48. Ke3 $1 $11) 48... Nd3+ $1 $19 49. Ke3 Nc5 $2 {[#]} (49... Ne5 $19 50. Kd4 h4) 50. a5 $1 $15 {[%mdl 512]} b5 {And now ...Kd6 would win.} (50... bxa5 51. d6+) 51. Kd4 Kd6 {Strongly threatening ...g4.} 52. Bg6 $1 h4 {Threatens to win with ...h3.} 53. Rf1 $1 $132 {[%cal Rf1f6][%mdl 2048] White has counterplay} Rf8 {[#]} (53... Nb3+ $11 54. Kc3 bxc4 55. Rxf6+ Ke5 56. Rf5+ Kd6 57. Rf6+ Ke5 58. Rf5+ Kd6 59. Rf6+) 54. cxb5 (54. Rxf6+ $1 $16 {[%mdl 512]} Rxf6 55. e5+ {[%mdl 64] Double Attack} Kc7 56. exf6) 54... axb5 $2 {[%mdl 8192]} (54... Nb3+ $11 55. Kc3 Nc5) 55. Rxf6+ $1 $18 {[%mdl 64] Remove Defender, Decoy} Rxf6 56. e5+ {[%mdl 64] Double Attack} Kd7 $2 (56... Kc7 $18 57. exf6 Nd7) 57. exf6 {KB-KN} Nb3+ 58. Ke5 Nxa5 59. Bd3 $1 {[%cal Rd3b5]} Nc4+ 60. Bxc4 bxc4 {K3P-KPP} 61. d6 $1 {Cut Off at move 61} h3 62. f7 h2 63. f8=Q h1=Q {KQ-KQ} 64. Qf7+ {[%mdl 64] Double Attack} Kc6 65. Qxc4+ Kb6 66. Qd4+ Kc6 67. Qc3+ $1 Kb6 68. Qc7+ Kb5 69. Qd7+ Kb6 70. Qd8+ $1 Kb5 71. d7 $2 (71. Qe8+ $1 Ka5 72. d7 Qe1+ 73. Kf6 $1 {[%mdl 512]} Qf2+ 74. Kg6 Qc2+ 75. Kf7 Qf2+ 76. Kg8) 71... Qh2+ $1 $11 72. Ke6 (72. Kd4 $5 {[%cal Rd8g5]} Qd2+ 73. Ke4 Qc2+ 74. Kf3 Qd1+ 75. Kg3 Qe1+ 76. Kg2 Qe2+ 77. Kh3 Qd3+ 78. Kh2 (78. Kg4 Qe4+ 79. Kxg5 Qd5+ 80. Kh6 Qe6+ 81. Kh5 Qe2+ 82. Kh6 Qe6+ 83. Kh7 Qe4+ 84. Kh8 Qd4+ 85. Kg8 Qg4+ 86. Kh8 Qh3+ 87. Kg8 Qg2+ 88. Kh8 Qh3+ 89. Kg7 Qg4+ 90. Kh8 Qh3+ $11) 78... Qe2+ 79. Kh3 Qd3+ 80. Kh2 (80. Kg4 Qe4+ 81. Kxg5 Qd5+ 82. Kh6 Qe6+ 83. Kh5 Qe2+ 84. Kh6 Qe6+ 85. Kh7 Qe4+ 86. Kh8 Qd4+ 87. Kg8 Qg4+ 88. Kf7 Qf5+ 89. Ke8 Qg6+ 90. Kf8 Qf5+ 91. Kg8 Qg6+ 92. Kh8 Qh6+ 93. Kg8 Qg6+ 94. Kh8 Qh6+ 95. Kg8 Qg6+ $11) 80... Qe2+ 81. Kh1 Qd1+ 82. Kh2 Qe2+ $11) 72... Qh3+ $1 73. Kf6 Qh6+ $1 74. Kf5 Qh3+ $2 {[%mdl 8192] [#]} (74... Qh7+ $11 75. Kf6 (75. Kxg5 Qg7+ 76. Kh5 Qh7+ 77. Kg4 Qe4+ 78. Kh5 Qh7+ 79. Kg4 Qe4+ 80. Kh5 Qh7+ $11) 75... Qh6+ 76. Kf7 Qh7+ 77. Ke8 Qg8+ 78. Ke7 Qh7+ 79. Ke6 Qh3+ 80. Kf7 Qh7+ 81. Kf8 Qh8+ 82. Ke7 Qh7+ 83. Ke6 Qh3+) 75. Kg6 $1 Qd3+ 76. Kh6 Qd6+ 77. Kxg5 $2 (77. Kg7 {mates} Qd4+ 78. Kf7 Qd5+ 79. Kf8 Qf5+ 80. Kg7 Qf4 81. Qf6 Qc7 82. Qe7 Qc3+ 83. Qf6) 77... Qg3+ {The position is equal.} 78. Kh5 (78. Kh6 $5 {[%cal Rd8g5]} Qh3+ 79. Kg7 Qg2+ 80. Kh7 Qe4+ 81. Kh8 Qh1+ 82. Kg8 (82. Kg7 Qg2+ 83. Kh7 Qh1+ 84. Kg6 Qe4+ 85. Kh5 Qf3+ 86. Kh4 Qe4+ 87. Kh3 Qd3+ 88. Kh2 Qe2+ 89. Kh3 Qd3+ 90. Kh4 Qe4+ 91. Kh5 Qf3+ 92. Kh6 Qh3+ 93. Kg7 Qg3+ 94. Kh8 Qh3+ 95. Kg8 Qg2+ 96. Kf7 Qd5+ 97. Kf8 Qf5+ 98. Ke8 Qh5+ 99. Kf8 Qf5+ 100. Kg8 Qd5+ 101. Kh7 Qh1+ 102. Kg8 Qg2+ 103. Kf8 Qf3+ 104. Kg8 Qg2+ $11) 82... Qg2+ 83. Kh8 Qh3+ 84. Kg8 Qg2+ 85. Kh8 Qh3+ 86. Kg8 Qg2+ $11) 78... Qh3+ 79. Kg6 Qe6+ 80. Kg7 Qg4+ 81. Kh6 Qh3+ 82. Kg6 Qe6+ 83. Kg5 Qe5+ 84. Kg4 Qe4+ 85. Kh5 $1 Qh7+ 86. Kg5 Qg7+ $1 87. Kf5 (87. Kf4 $5 {[%cal Rd8b8]} Qd4+ 88. Kg5 Qe5+ 89. Kg6 Qe4+ 90. Kh6 Qe6+ 91. Kh5 Qh3+ 92. Kg6 $11 (92. Kg5 Qg2+ 93. Kh6 Qh3+ 94. Kg6 $11)) 87... Qf7+ 88. Ke5 Qg7+ 89. Ke6 Qg4+ $1 90. Ke5 {Black must now prevent Qb8+.} Qg3+ 91. Kf5 {Hoping for Qg5.} Qh3+ 92. Kf4 Qh2+ 93. Kg4 {White threatens Qg5+ and mate.} (93. Kf3 $5 {[%cal Rd8g5]} Qh1+ 94. Kg4 Qg2+ 95. Kh4 Qh1+ 96. Kg3 Qe1+ 97. Kg4 Qe4+ 98. Kh5 Qh1+ 99. Qh4 Qf3+ 100. Qg4 Qf7+ 101. Kh4 Qf2+ 102. Kh3 (102. Kh5 Qf7+ 103. Kh4 Qf2+ 104. Qg3 Qd4+ 105. Kg5 Qg7+ 106. Kf5 Qxg3 $11) 102... Qf1+ 103. Kg3 (103. Kh4 Qf2+ 104. Qg3 Qd4+ 105. Kg5 Qg7+ 106. Kf4 Qd4+ 107. Kf5 Qxd7+ 108. Kf6 Qd4+ 109. Qe5+ Qxe5+ 110. Kxe5 $11) 103... Qg1+ 104. Kh3 Qe3+ 105. Kg2 Qd2+ 106. Kh1 Qc1+ 107. Kh2 Qd2+ 108. Kh3 Qe3+ 109. Kg2 Qd2+ 110. Kf1 $11) 93... Qg2+ 94. Kh5 {Qg5+ would kill now.} Qh3+ 95. Kg5 {Qb8+ is the strong threat.} Qg3+ 96. Kh6 {Threatening mate with Qg5+.} Qh3+ 97. Kg7 Qg4+ 98. Kh7 {Intending Qb8+ and mate.} Qf5+ 99. Kh8 Qh3+ {What a bad dream for Black.  Weighted Error Value: White=0.26/Black=0.57} 1/2-1/2

[Event "RUS-ch Girls U21 2020"]
[Site "Moscow"]
[Date "2020.12.14"]
[Round "7.4"]
[White "Kochukova, Anna"]
[Black "Dimitrova, Aleksandra"]
[Result "0-1"]
[WhiteElo "2111"]
[BlackElo "2193"]
[Annotator "TA"]
[PlyCount "96"]
[EventDate "2020.12.08"]
[EventType "tourn"]
[EventCountry "RUS"]
[SourceTitle "playchess.com"]
[Source "ChessBase"]
[SourceQuality "1"]

{[%evp 19,96,0,0,0,-4,-6,0,0,0,0,0,0,0,-38,-11,-23,-20,-33,-28,-74,-74,-65,-68,-74,-76,-89,-94,-91,-90,-84,-87,-105,-104,-103,-94,-100,-101,-126,-121,-123,-117,-147,-147,-235,-235,-234,-230,-203,-196,-199,-193,-261,-258,-260,-251,-238,-189,-183,-114,-183,-24,-31,-8,-22,-17,-19,-14,-19,-17,-22,-8,-1104,-1063,-2738,-2184,-4762,-4758,-29964,-4779]} 1. e4 c5 2. Nf3 Nc6 3. d4 cxd4 4. Nxd4 Nf6 5. Nc3 e6 6. Nxc6 bxc6 7. Bd3 e5 8. O-O Be7 9. Kh1 d6 10. Qe2 O-O {[#]} 11. Rd1 $146 {B80: Sicilian Scheveningen: 6 g3 and 6 Be3, including English Attack.} ({Predecessor:} 11. f4 exf4 12. Bxf4 Ng4 13. h3 Ne5 14. Bxe5 dxe5 15. Bc4 Bg5 16. Rad1 Qe7 17. Bb3 Bf4 18. Qf2 Qg5 {0-1 (47) Nayem,H (2031)-Cramling Bellon,A (2035) chess.com INT 2020}) 11... Be6 12. Na4 Qc7 13. c4 {The position is equal.} d5 14. cxd5 cxd5 15. exd5 Nxd5 16. Bd2 Rac8 17. Ba6 Rcd8 18. Rac1 Qb8 $1 19. Qb5 Qxb5 20. Bxb5 Nb4 21. Bxb4 Bxb4 22. b3 Ba3 23. Ra1 Rxd1+ 24. Rxd1 Rc8 $1 25. Bd3 f5 26. f3 Kf7 27. Kg1 Kf6 28. Kf2 g5 29. Rd2 h5 30. Ke2 g4 31. Nb2 (31. Rc2 $17) 31... gxf3+ $19 32. gxf3 Rg8 $1 33. Nc4 {[#]} Bc5 $1 34. Ne3 f4 35. Nf1 (35. Nc4 $142) 35... Bh3 36. Rc2 Rg2+ 37. Kd1 Rxc2 38. Kxc2 {[%mdl 4096] Endgame KBB-KBN} Bg2 (38... h4 $19 39. Kd2 {[#]} e4 $1 {[%mdl 512]} 40. fxe4 Bb4+ 41. Kd1 f3) 39. Be2 (39. Nd2 $17 {was worth a try.} Be3 40. Bf1) 39... e4 $2 (39... Bg1 $19 {Threatens to win with ...e4.} 40. Kd2 h4) 40. Nd2 $11 exf3 41. Nxf3 Bf2 42. b4 h4 43. Kd3 Kf5 44. a4 Kg4 45. Ke4 $2 {[%mdl 8192] [#] White does not recover from this.} (45. Ne1+ $11 Kh3 46. Nxg2 Kxg2 47. Ke4) 45... a6 $1 $19 {[%mdl 512]} 46. Bd1 (46. Bxa6 Bxf3+) 46... h3 47. b5 axb5 48. axb5 Bg1 {Weighted Error Value: White=0.68/Black=0.12} (48... Be3 $142 49. Be2 Bg1 50. b6 Bxb6 51. Ke5 Bxf3 52. Bf1 Bg2 53. Be2+ f3 54. Ba6 Bg1 55. Bc4 Bxh2+ 56. Kd4 Bg1+ 57. Kd5 h2 58. Kc6 h1=Q 59. Be6+ Kg5 60. Kb5 Qh8 61. Bg4 Qc3 62. Bf5 Bf1+ 63. Bd3 Bxd3+ 64. Ka4 Qb2 65. Ka5 Qb5#) 0-1